00964nam a22002297a 4500003000200000005001700002008004100019050002900060100003200089245013200121260007100253300004400324500002600368504005800394650002900452650002100481650003700502650003000539942001200569999001900581952013400600020250125151729.0250125b xxu||||| |||| 00| 0 eng d aHF 5415.124 b.P36 2023  aPangon, Christian Arman B.  aThe value of marketing intelligence as perceived by selected restaurants in BF Homes, Paranaque CitycChristian Arman B. Pangon aLas Pinas CitybSouthville International School and Collegesc2023 aix, 98 pages :billustrations ;c28cm.  aMarketing Management. aIncludes bibliographical references and appendices.  aMarketing intelligence.  aMarket research. aRestaurant industry—Marketing. aBusiness decision-making. 2lcccTH c367066d367066 00102lcc40aCLbCLcTHESESd2025-01-25eDONATIONkTHESESl0oHF 5415.124 .P36 2023pT1325r2025-01-25 00:00:00w2025-01-25yTH